Provision of tied cottages (Record no. 96118)

MARC details
000 -LEADER
fixed length control field 00528cam a2200193 4500
001 - CONTROL NUMBER
control field D4009
008 - FIXED-LENGTH DATA ELEMENTS--GENERAL INFORMATION
fixed length control field 090401t1975 xxu||||| |||| 00| 0 eng d
035 ## - SYSTEM CONTROL NUMBER
System control number (Sirsi) u76097
041 ## - LANGUAGE CODE
Language code of text/sound track or separate title eng
050 ## - LIBRARY OF CONGRESS CALL NUMBER
Classification number 331.255
100 ## - MAIN ENTRY--PERSONAL NAME
Personal name Gasson, Ruth
245 ## - TITLE STATEMENT
Title Provision of tied cottages
260 ## - PUBLICATION, DISTRIBUTION, ETC.
Place of publication, distribution, etc. Cambridge
Name of publisher, distributor, etc. University of Cambridge Department of La
Date of publication, distribution, etc. 1975
300 ## - PHYSICAL DESCRIPTION
Extent ix. 147p. 22cm
350 ## - PRICE (NR) (BK AM CF MU VM SE) [OBSOLETE]
Price 0
490 ## - SERIES STATEMENT
Series statement University of Cambridge Department of Land Economy
Volume/sequential designation Occasional Paper 4
942 ## - ADDED ENTRY ELEMENTS (KOHA)
Suppress in OPAC 0
948 ## - LOCAL PROCESSING INFORMATION (OCLC); SERIES PART DESIGNATOR (RLIN)
c (OCLC) 04/03/1997
Holdings
Withdrawn status Lost status Source of classification or shelving scheme Damaged status Not for loan Home library Current library Shelving location Date acquired Total Checkouts Full call number Barcode Date last seen Copy number Price effective from Koha item type
    Dewey Decimal Classification     London London Basement 14/09/1999   SHELF 116 30000365 06/08/2019 1 06/08/2019 Book